000 00844cam a2200265Ka 4500
999 _c9447
_d9447
001 54752492
003 OCoLC
005 20241126110712.0
008 040317s2003 orua b b 000 0deng
020 _a1592444229
020 _a9781592444229
035 _a(OCoLC)54752492
040 _aSBI
_cSBI
_dOCLCQ
_dYDXCP
082 _a262.1
_bHOW
092 _a250
_bH859S
100 1 _aHowell, Don N
_916479
245 1 0 _aServants of the servant :
_ba biblical theology of leadership /
_cby Don N. Howell, Jr
260 _aSecunderabad:
_bGS Books,
_c2019
300 _a307 p. ;
_c24 cm
504 _aIncludes bibliographical references (303-307)
610 2 0 _aColumbia International University
_xFaculty
_916480
650 0 _aChristian leadership
_xBiblical teaching
_95795
650 0 _aLeadership
_xBiblical teaching
_96966
942 _2ddc
_cBK
_02